| 000 | 02030cam a22005294i 4500 | ||
|---|---|---|---|
| 003 | PE-LiUPU | ||
| 005 | 20250731180133.0 | ||
| 008 | 150625s r 000 0 d | ||
| 020 | _a819021909X | ||
| 035 | _a(Sirsi) i9788190219099 | ||
| 040 |
_aPE-LiUPU _bspa _cPE-LiUPU _erda |
||
| 049 | _aPRUA | ||
| 082 | 0 | 4 |
_a508 _bS61 _221 |
| 100 | 1 |
_aSmarandache, F., _eautor. |
|
| 245 | 1 | 0 |
_aQuantization in astrophysics, brownian motion, and supersymmetry : _bincluding articles never before published / _cF. Smarandache y V. Christianto. |
| 264 | 1 |
_aTamil Nadu, India : _bMath Tiger, _c2007. |
|
| 300 |
_a904 páginas ; _c22 centímetros |
||
| 336 |
_atext _2rdacontent |
||
| 337 |
_aunmediated _2rdamedia |
||
| 338 |
_avolume _2rdacarrier |
||
| 505 | 0 | _aQuantization in astrophysics, tifft redshift, and generalized schrödinger equation. -Weyl geometry, extended relativity, supersymmetry, and application in astroophysics. -Quantization in astrophysics and phion condensate: five easy pieces. -Cartan-Weyl space time, torsion fields, and navier-stokes. -Hypergeometrical universe, pioneer anomaly, quternion relativity. | |
| 526 | _aSEG44 | ||
| 526 | _aSEG26 | ||
| 526 | _aP159 | ||
| 526 | _aP155 | ||
| 526 | _aP154 | ||
| 526 | _aP153 | ||
| 526 | _aP150 | ||
| 526 | _aP100 | ||
| 526 | _aP31 | ||
| 526 | _aP30 | ||
| 526 | _aP26 | ||
| 526 | _aP25 | ||
| 526 | _aP24 | ||
| 526 | _aP22 | ||
| 526 | _aP15 | ||
| 526 | _aP10 | ||
| 650 | 0 | 4 | _aAstrofisica. |
| 650 | 0 | 4 | _aQuantización. |
| 700 | 1 |
_aChristianto, V., _eautor. |
|
| 942 |
_2ddc _cBOOK |
||
| 949 |
_a508 S61 _wDEWEY _c1 _i57213 _lCCODEBUL1 _mBUL _p22.00 _r0 _sY _tBOOK _u2015-6-25 _xEDUCACION _zUNKNOWN _0COMPRA _o.STAFF. Colección General |
||
| 994 |
_aC0 _bPEPRU |
||
| 596 | _a1 | ||
| 999 |
_a508 S61 _wDEWEY _c46314 _i57213 _f2021-11-5 _g5 _lCCODEBUL1 _mBUL _p22.00 _r0 _sN _tBOOK _u2015-6-25 _xBIBLIOTECA _zUNKNOWN _0COMPRA _o.STAFF. Colección General _d46314 |
||
| 980 |
_81 _gALBERTO SANCHEZ Responsable de Automatización |
||